Aritmética elemental

Guardado en:
Detalles Bibliográficos
Autor principal: Moyano, Nicanor (autor)
Formato: Libro
Lenguaje:español
Publicado: Santiago Barcelona 1912
Edición:11a. ed
Materias:
Etiquetas: Agregar Etiqueta
Sin Etiquetas, Sea el primero en etiquetar este registro!

MARC

LEADER 00000nam a2200000 a 4500
001 UCZ8644
003 CL-VaPUC
008 960125e19120000CL |||||||||||||||||spa|d
082 0 4 |a 372.7  |b MOY  |2 21 
100 |a Moyano, Nicanor  |e autor  |9 508093 
245 1 0 |a Aritmética elemental 
250 |a 11a. ed 
300 |a 348 p 
942 |c BK 
945 |d 19960125 00:00:00  |a cmena 
260 |a Santiago  |b Barcelona  |c 1912 
650 0 |a Aritmética   |9 270049 
650 0 |a Matemática  |9 260235 
650 0 |a Ciencias matemáticas   |9 354013 
650 0 |a Teoría de números  |9 265327 
650 0 |a Matemáticas  |x Enseñanza  |9 875527 
583 |a last modification  |c 19960125 00:00:00  |k Rodrigo Vera 
999 |c 244500  |d 244498 
952 |0 0  |1 0  |4 0  |6 372_700000000000000_MOY_1912  |7 0  |8 P  |9 258585  |a BIBEDU  |b BIBEDU  |c BIBEDU_PB  |d 2019-11-19  |i 1618687  |o 372.7 MOY 1912  |p 1618687  |r 2024-01-25  |w 2019-11-19  |y BK  |k EDU